000 00623nam a2200193Ia 4500
003 GCL
008 140319s9999 xx 000 0 ara d
040 _aGCL /
_cGCL
082 0 4 _a375.001
_bا م
100 1 _aابراهيم محمد عطا
245 1 0 _aالمناهج بين الاصالة والمعاصرة /
_cابراهيم محمد عطا
260 _a[S.N] :
_bمكتبة النهضة المصرية ،
_c1992
300 _a359 ص
490 _a
650 0 4 _aالمناهج - تعبير
650 0 4 _aالمسرح التجارى - المغرب
650 0 4 _aالمناهج - تطوير
942 _2ddc
_cBK
999 _c53219
_d53219